| 000 | 00436nam a2200157Ia 4500 | ||
|---|---|---|---|
| 008 | 130318s9999 xx 000 0 und d | ||
| 020 | _a9788131732458 | ||
| 082 | _a004.22 STA/C;9 | ||
| 100 | _aStallings, William | ||
| 245 | _aComputer organization and architecture: Designing for performance | ||
| 250 | _a8 | ||
| 260 |
_bPearson Education _aNew Delhi _c2010 |
||
| 300 | _a792 | ||
| 650 | _aDIGITAL LOGIC | ||
| 650 | _aPROCESSOR DESIGN | ||
| 999 |
_c2256 _d2256 |
||